000 00809nam a2200253Ia 4500
003 OSt
005 20231013144432.0
008 210716s2011 xx 000 0 und d
020 _a9781847940728
040 _cAIMIT LIBRARY
041 _aeng
082 _a374.22
_21
_bCONB
100 _aConaty, Bill.
_9137978
245 _aTalent masters :
_bwhy smart leaders put people before numbers /
_cBy Bill Conaty and Ram Charan.
250 _a1st ed.
260 _aLondon :
_bRandom House ,
_c2011.
300 _a320p. ;
_bPB
_c23.3 cm
650 _aGeneral Management
_9137979
651 _aThe special expertise talent master
_9137980
651 _aBecoming a talent master
_9137981
651 _aThe talent master toolkit
_9137982
700 _aCharan, Ram.
_9137983
942 _2ddc
_cBK
_e1st
_k374.22 CONB
999 _c208703
_d208703